000 00856cam a2200253 4500
001 J3865
008 090401t1996 xxu||||| |||| 00| 0 eng d
035 _a(Sirsi) u57173
041 _aeng
050 _a692.8
090 _aJCT 1996/7A
110 _aJoint Contracts Tribunal
_93664
245 _aIntermediate Form of Building Contract for works of simple content 1984 edition ... Amendment 10 and guidance note issued July 1996: insurance and indemnity provisions.
260 _aLondon
_bRIBA Publications
_c1996
300 _a8p. ; 30cm.
350 _a0.6
650 _aAMENDMENT 10
650 _aBUILT ENVIRONMENT-BUILDING CONTRACT FORMS
650 _aINSURANCE PROVISIONS
650 _aJCT INTERMEDIATE FORM OF BUILDING CONTRACT (1984 EDITION)
690 _aBUILT ENVIRONMENT-BUILDING CONTRACT FORMS
942 _n0
948 _c04/03/1997
999 _c93905
_d93905